000 00767nam a2200217 4500
001 48513
003 BD-RjUL
005 20211209054533.0
008 160814b1964 bg ||||| |||| 00| 0 ben d
035 _a(BD-RjUL)48632
040 _aBD-RjUL
_bben
_cBD-RjUL
041 _aben
082 _223
_a891.44
_bSHS 1964
100 _aশর্মা, বোপদেব
_9146651
245 _aসাহিত্য ও সাহিত্যিক /
_cবোপদেব শর্মা
260 _aকলিকাতা :
_bশ্মমাচরণ দে স্টীট,
_c১১৯৬৪
300 _a[৪] ১৪০পৃ. ;
_c২২ সেমি.
650 _aবাংলা সাহিত্য
_9146652
650 _aBangla Literature
_9146653
942 _2ddc
_cBK
999 _c48513
_d48513